| 000 | 00732nam a22002177a 4500 | ||
|---|---|---|---|
| 005 | 20081022112023.0 | ||
| 008 | 081022t xxu||||| |||| 00| 0 eng d | ||
| 010 | _aENG-84291 | ||
| 020 | _a0195685148 | ||
| 020 | _c350.00 (pbk) | ||
| 035 | _aEN-67824 | ||
| 082 | _a574.92 | ||
| 100 | _aChhapgar, B F | ||
| 245 |
_aMarine life in India / _cby B F Chhapgar |
||
| 260 |
_aNew Delhi _bOxford University Press |
||
| 260 | _c2006 | ||
| 300 |
_axv,368p _bphotos(col.,B&W) _c24.5cm |
||
| 500 | _aIncludes index | ||
| 942 |
_2ddc _cEN _h574.92 _m CHH |
||
| 999 |
_c17630 _d17630 |
||